Cosmetic: Formulation, Manufacturing, and Quality Control (Record no. 8581)

MARC details
000 -LEADER
fixed length control field 00423nam a22001457a 4500
008 - FIXED-LENGTH DATA ELEMENTS--GENERAL INFORMATION
fixed length control field 200319b ||||| |||| 00| 0 eng d
020 ## - INTERNATIONAL STANDARD BOOK NUMBER
International Standard Book Number 9788190595780
082 ## - DEWEY DECIMAL CLASSIFICATION NUMBER
Classification number 668.55 SHC
100 ## - MAIN ENTRY--PERSONAL NAME
Personal name Sharma, P. P.
245 ## - TITLE STATEMENT
Title Cosmetic: Formulation, Manufacturing, and Quality Control
250 ## - EDITION STATEMENT
Edition statement 5th Edition, 2014
260 ## - PUBLICATION, DISTRIBUTION, ETC. (IMPRINT)
Place of publication, distribution, etc New Delhi
Name of publisher, distributor, etc Vallabh Prakashan
650 ## - SUBJECT ADDED ENTRY--TOPICAL TERM
Topical term or geographic name as entry element Pharmaceutical Dosage form /Cosmetic
942 ## - ADDED ENTRY ELEMENTS (KOHA)
Source of classification or shelving scheme Dewey Decimal Classification
Koha item type Text Books
Holdings
Withdrawn status Lost status Source of classification or shelving scheme Damaged status Not for loan Collection code Home library Current library Date acquired Source of acquisition Currency Cost, normal purchase price Bill Number Total Checkouts Full call number Acc. no. / Barcode Date last seen Date last borrowed Copy number Actual Cost, discounted price Bill Date Koha item type Shelving location
    Dewey Decimal Classification     B.Pharma PIET C-LIBRARY PIET C-LIBRARY 07/01/2020 Kirti Prakashan IN Rupees 1400.00 IN5980 2 668.55 SHC BP276 31/08/2024 01/07/2024 1 1120.00 07/01/2020 Text Books  
    Dewey Decimal Classification     B.Pharma PIET C-LIBRARY PIET C-LIBRARY 07/01/2020 Kirti Prakashan IN Rupees 1400.00 IN5980 1 668.55 SHC BP277 27/08/2025 17/06/2025 2 1120.00 07/01/2020 Text Books  
    Dewey Decimal Classification     B.Pharma PIET C-LIBRARY PIET C-LIBRARY 07/01/2020 Kirti Prakashan IN Rupees 1400.00 IN5980   668.55 SHC BP278 19/03/2020   3 1120.00 07/01/2020 Reference Books Ref. Sec. R05

Design & Developed by: PIET Central Library
R70 Miles Stone Pattikalyana Samalkha Panipat 132102
mail ID :- [email protected], Phone No:- 0180-2569700 Ex.216